Central Library OPAC University of Rajshahi

The sociological revolution : (Record no. 33087)

MARC details
000 -LEADER
fixed length control field 01046nam a2200289 a 4500
001 - CONTROL NUMBER
control field 33087
003 - CONTROL NUMBER IDENTIFIER
rucl marc code BD-RjUL
005 - DATE AND TIME OF LATEST TRANSACTION
control field 20211209051937.0
008 - FIXED-LENGTH DATA ELEMENTS--GENERAL INFORMATION
fixed length control field 140430s1998 enk b 001 0 eng
020 ## - INTERNATIONAL STANDARD BOOK NUMBER
International Standard Book Number 0415029201 (HB)
035 ## - SYSTEM CONTROL NUMBER
System control number (BD-RjUL)33178
040 ## - CATALOGING SOURCE
Original cataloging agency DLC
Transcribing agency DLC
Modifying agency DLC
-- BD-RjUL
Language of cataloging eng
041 ## - LANGUAGE CODE
Language code of text/sound track or separate title eng
082 00 - DEWEY DECIMAL CLASSIFICATION NUMBER
Classification number 301.09
Edition number 21
Author mark and year KIS 1998
100 1# - MAIN ENTRY--PERSONAL NAME
Personal name Kilminster, Richard.
9 (RLIN) 100535
245 14 - TITLE STATEMENT
Title The sociological revolution :
Remainder of title from the Enlightenment to the global age /
Statement of responsibility, etc. Richard Kilminster.
Number of part/section of a work Part 1 :
Name of part/section of a work From philosophy to the sociology of knowledge
260 ## - PUBLICATION, DISTRIBUTION, ETC. (IMPRINT)
Place of publication, distribution, etc. London ;
-- New York :
Name of publisher, distributor, etc. Routledge,
Date of publication, distribution, etc. 1998.
300 ## - PHYSICAL DESCRIPTION
Pagination xiv, 221 p. ;
Size 24 cm.
504 ## - BIBLIOGRAPHY, ETC. NOTE
Bibliography, etc Includes bibliographical references (p. [193]-213) and index.
650 #0 - SUBJECT ADDED ENTRY--TOPICAL TERM
Topical term or geographic name as entry element Sociology
General subdivision History.
9 (RLIN) 100536
Topical term or geographic name as entry element Sociology
General subdivision Philosophy.
9 (RLIN) 43002
Topical term or geographic name as entry element Knowledge, Sociology of.
9 (RLIN) 5166
856 42 - ELECTRONIC LOCATION AND ACCESS
Materials specified Publisher description
Uniform Resource Identifier <a href="http://www.loc.gov/catdir/enhancements/fy0648/98023813-d.html">http://www.loc.gov/catdir/enhancements/fy0648/98023813-d.html</a>
942 ## - ADDED ENTRY ELEMENTS (KOHA)
Source of classification or shelving scheme Dewey Decimal Classification
Koha item type Books
Holdings
Lost status Source of classification or shelving scheme Damaged status Not for loan Collection code Permanent Location Current Location Shelving location Date acquired Source of acquisition Cost, normal purchase price Total Checkouts Full call number Date last seen Copy number Koha item type
  Dewey Decimal Classification   Not For Loan Non-fiction Central Library, University of Rajshahi Central Library, University of Rajshahi Reading Room 03/01/2003 Dhaka, Ahsania mission book dis. house 3690.00   301.09 KIS 1998 30/04/2014 C-1 Books